Tilastot visalle Kenen Kirja? #22

Klikkaa tästä pelataksesi tätä visaa!

Yleistilastot

  • Tätä visaa on pelattu 36 kertaa
  • Keskiarvotulos 5 / 16

Vastaustilastot

KirjaKirjailija% Oikein
Ruma ankanpoikanenH.C.Andersen
73%
OikeusjuttuFranz Kafka
69%
NormaSofi Oksanen
69%
Tintti TibetissäHérge
62%
MatildaRoald Dahl
50%
SyysprinssiAnja Snellman
38%
Bridget Jonesin päiväkirjaHelen Fielding
35%
Garpin maailmaJohn Irving
35%
Sinisimmät silmätToni Morrison
19%
Verona päättää kuollaPaulo Coelho
15%
Seitsemännen portaan enkeliFrank McCourt
12%
Uskollinen äänentoistoNick Hornby
12%
Avaruusseikkailu 2001Arthur C.Clarke
8%
Lokki JoonatanRichard Bach
8%
Vanki nimeltä PapillonHenri Charriete
4%
Hyppy ajassaMadeleine L'Engle
4%

Tulosjakauma

Persentiili vastausten määrän mukaan

Jokaisen tuloksen saaneiden osuus

Tuloshistoriasi

Et ole pelannut tätä visaa